| 000 | 01300 a2200217 4500 | ||
|---|---|---|---|
| 005 | 2008092303393.0 | ||
| 008 | 080923t xxu||||| |||| 00| 0 hin d | ||
| 010 | _aHIN-81374 | ||
| 020 |
_a9788171245680 _c180.00 |
||
| 035 | _aHN-53720 | ||
| 037 | _bपु.प्र.अ.प्र / प्रका. | ||
| 082 | _a821.08 | ||
| 100 | _aत्रिपाठी , राधावल्लभ | ||
| 245 |
_aभारतीय काव्यशास्त्र की आचार्य-परम्परा _cराधावल्लभ त्रिपाठी |
||
| 246 |
_aBharatiya Kavyashastra Ki Acharya Parampara _bBy-Radhavllabh Tripathi |
||
| 260 |
_aवाराणसी _bविश्वविद्यालय प्रकाशन _c2007 |
||
| 270 |
_aपो बॉ 1149,विशालाक्षी भवन,चौक _bवाराणसी _e221001 _k(0542)2413741 , 2413082 _msales@vvpbooks.com |
||
| 300 |
_a160 पृ _c23 सेमी(सजिल्द) |
||
| 942 |
_adpl _cHN _k821.08 / त्रिपाठी _2ddc _h821.08 _m त्रिपाठी |
||
| 999 |
_c8340 _d8340 |
||